000 00596nam a2200205Ia 4500
003 GCL
008 140319s9999 xx 000 0 ara d
020 _a5257305977
040 _aGCL /
_cGCL
082 0 4 _a813.03
_bأ أ
100 1 _aادريس على
245 1 0 _aانفجار جمجمة /
_cادريس على
250 _aالثانية
260 _aالقاهرة :
_bالمجلس الاعلى للثقافة ،
_c2000
300 _a182 ص:
_bايض ؛
_c23 سم
650 0 4 _aالادب العربى
650 0 4 _aالقصص العربية
650 0 4 _aالقصص
942 _2ddc
_cBK
999 _c616
_d616